00203nam a2200073Ia 4500008004100000100001400041245004900055260002500104180219s9999 xx 000 0 und d aYadav K P 0aEncyclopaedia Of Child And Primary Education aNew Delhi Sarup Soni